000 00346 a2200109 4500
001 ART_51640
005 20260410161946.0
008 260409a
245 1 0 _aAnálisis de la reglamentación del régimen legal del teletrabajo
100 1 _aRomero, Luis E.
773 0 _tTemas de derecho laboral
_g- N° 2 (feb. 2021)
_wREV27619
999 _c29911
_d29911